[Event "Chioggia op-B 15th"]
[Site "Chioggia"]
[Date "2022.10.01"]
[Round "2"]
[White "Crestani, Dario"]
[Black "Desideri, Alessandro"]
[Result "0-1"]
[WhiteElo "1403"]
[BlackElo "1887"]
[PlyCount "80"]
[EventDate "2022.09.30"]
[EventType "swiss"]
[EventRounds "5"]
[EventCountry "ITA"]
[SourceTitle "EXT 2024"]
[Source "ChessBase"]
[SourceDate "2023.10.10"]
[SourceVersion "1"]
[SourceVersionDate "2023.10.10"]
[SourceQuality "1"]

1. d4 f5 2. c4 e6 3. Nf3 Nf6 4. Bf4 Bb4+ 5. Nbd2 0-0 6. a3 Bd6 7. Bxd6 cxd6 8. e3 b6 9. Be2 Bb7 10. 0-0 Ne4 11. Rc1 Qf6 12. b4 g5 13. Nxe4 Bxe4 14. Nd2 Bb7 15. Bf3 Bxf3 16. Nxf3 g4 17. Nd2 Nc6 18. Nb1 Rf7 19. Nc3 Qe7 20. e4 h5 21. exf5 Rxf5 22. Re1 Raf8 23. Rc2 Qg7 24. Nb5 Rxb5 25. cxb5 Nxd4 26. Rd2 Nf3+ 27. Kh1 Nxe1 28. Qxe1 d5 29. Rd1 d4 30. Kg1 e5 31. Qe4 d6 32. Qd5+ Qf7 33. Qxf7+ Rxf7 34. Kf1 Rc7 35. Rd3 Kf7 36. f3 Ke6 37. Kf2 gxf3 38. Kxf3 Kd5 39. Kg3 Rc3 40. Rf3 e4 0-1

[Event "Chioggia op-B 15th"]
[Site "Chioggia"]
[Date "2022.10.01"]
[Round "3"]
[White "Desideri, Alessandro"]
[Black "Buqa, Brajan"]
[Result "1/2-1/2"]
[WhiteElo "1887"]
[BlackElo "1353"]
[PlyCount "42"]
[EventDate "2022.09.30"]
[EventType "swiss"]
[EventRounds "5"]
[EventCountry "ITA"]
[SourceTitle "EXT 2024"]
[Source "ChessBase"]
[SourceDate "2023.10.10"]
[SourceVersion "1"]
[SourceVersionDate "2023.10.10"]
[SourceQuality "1"]

1. Nf3 d5 2. d4 Nf6 3. e3 e6 4. Bd3 Bd6 5. 0-0 0-0 6. b3 b6 7. Bb2 Bb7 8. Nbd2 Ne4 9. c4 Nd7 10. Ne5 f5 11. f4 Ndf6 12. Ndf3 c5 13. Qe2 Qe7 14. a4 a5 15. Rac1 Rac8 16. Rfd1 Rfd8 17. Qe1 Qe8 18. Qh4 Qe7 19. Bb1 Qe8 20. h3 Be7 21. Qe1 Qh5 1/2-1/2

[Event "Chioggia op-B 15th"]
[Site "Chioggia"]
[Date "2022.09.30"]
[Round "1"]
[White "Desideri, Alessandro"]
[Black "Di Salvo, Alessandro"]
[Result "1/2-1/2"]
[WhiteElo "1887"]
[BlackElo "1660"]
[PlyCount "78"]
[EventDate "2022.09.30"]
[EventType "swiss"]
[EventRounds "5"]
[EventCountry "ITA"]
[SourceTitle "EXT 2024"]
[Source "ChessBase"]
[SourceDate "2023.10.10"]
[SourceVersion "1"]
[SourceVersionDate "2023.10.10"]
[SourceQuality "1"]

1. Nf3 Nf6 2. d4 e6 3. e3 c5 4. Bd3 d5 5. c3 a6 6. 0-0 Nc6 7. Ne5 Qc7 8. f4 b5 9. Nd2 Ne7 10. Ndf3 h6 11. a4 c4 12. Bc2 b4 13. cxb4 Nf5 14. g4 Nd6 15. Bd2 Nde4 16. Bc3 Bd6 17. Qe1 Bd7 18. h4 Rb8 19. g5 Ng8 20. a5 Ne7 21. Nxd7 Kxd7 22. Ne5+ Ke8 23. Ba4+ Kf8 24. Nd7+ Kg8 25. Nxb8 Qxb8 26. Bc2 hxg5 27. hxg5 Nxg5 28. Kg2 Ne4 29. Rh1 Rxh1 30. Kxh1 f5 31. Kg2 Qe8 32. Bxe4 fxe4 33. Kf2 Nf5 34. Ke2 Qh5+ 35. Kd2 Qf3 36. Qe2 Qg3 37. Rh1 Nxe3 38. Kc1 Bxf4 39. Kb1 Ng4 1/2-1/2

[Event "Veneto-ch qf 80th"]
[Site "Sottomarina"]
[Date "2021.06.06"]
[Round "5.5"]
[White "Cappelletto, Joshuaede"]
[Black "Desideri, Alessandro"]
[Result "1/2-1/2"]
[WhiteElo "2206"]
[BlackElo "1863"]
[PlyCount "69"]
[EventDate "2021.06.04"]
[EventType "swiss"]
[EventRounds "5"]
[EventCountry "ITA"]
[SourceTitle "EXT 2024"]
[Source "ChessBase"]
[SourceDate "2023.10.10"]
[SourceVersion "1"]
[SourceVersionDate "2023.10.10"]
[SourceQuality "1"]

1. e4 g6 2. d4 Bg7 3. Nc3 d6 4. Be3 a6 5. f3 Nd7 6. h4 h6 7. Qd2 b5 8. 0-0-0 e6 9. Kb1 Bb7 10. d5 Ne5 11. Bd4 Nf6 12. f4 Ned7 13. dxe6 fxe6 14. e5 dxe5 15. fxe5 Nh7 16. Bd3 Nhf8 17. Ne4 Qe7 18. Qc3 Rc8 19. Nc5 b4 20. Qxb4 Bxg2 21. Rh2 Bd5 22. Qc3 Nb6 23. Nxa6 c5 24. Bxc5 Qb7 25. Qb4 Bxe5 26. Rf2 Nbd7 27. Bxf8 Nxf8 28. Rxf8+ Rxf8 29. Bxg6+ Rf7 30. Rf1 Bxa2+ 31. Ka1 Qxa6 32. Bxf7+ Kd7 33. Rd1+ Bd5+ 34. Kb1 Qa2+ 35. Kc1 1/2-1/2

[Event "Chioggia op-A 14th"]
[Site "Chioggia"]
[Date "2019.10.06"]
[Round "5"]
[White "Desideri, Alessandro"]
[Black "Cervati, Michele"]
[Result "0-1"]
[WhiteElo "1903"]
[BlackElo "1906"]
[PlyCount "86"]
[EventDate "2019.10.04"]
[EventType "swiss"]
[EventRounds "5"]
[EventCountry "ITA"]
[SourceTitle "EXT 2022"]
[Source "ChessBase"]
[SourceDate "2021.10.06"]
[SourceVersion "1"]
[SourceVersionDate "2021.10.06"]
[SourceQuality "1"]

1. Nf3 d5 2. d4 Nf6 3. e3 e6 4. Bd3 c5 5. b3 Nc6 6. 0-0 Bd6 7. Bb2 0-0 8. Nbd2 a6 9. Ne5 Qc7 10. f4 Nd7 11. Nxd7 Bxd7 12. dxc5 Bxc5 13. Bxh7+ Kxh7 14. Qh5+ Kg8 15. Bxg7 f6 16. Rf3 Be8 17. Qh8+ Kf7 18. Bxf8 Bxf8 19. Rg3 Ke7 20. h4 Qa5 21. b4 Nxb4 22. Rb1 b5 23. e4 Nxc2 24. Nb3 Qb6+ 25. Kh2 d4 26. e5 fxe5 27. fxe5 Bf7 28. Rf1 Ke8 29. Qh7 Qc7 30. Rgf3 Ne3 31. Qe4 Nxf1+ 32. Rxf1 Rd8 33. Nxd4 Qc4 34. Qf3 Qc7 35. Qf4 Bg7 36. Nf3 Qc4 37. Qg5 Qxf1 38. Qxg7 Qb1 39. h5 a5 40. h6 Qg6 41. Ng5 Qxg7 42. hxg7 Bg8 43. Ne4 b4 0-1

[Event "Treviso op-A 3rd"]
[Site "Treviso"]
[Date "2019.03.29"]
[Round "1.4"]
[White "Desideri, Alessandro"]
[Black "Marson, Luca"]
[Result "1-0"]
[WhiteElo "1900"]
[BlackElo "1806"]
[PlyCount "149"]
[EventDate "2019.03.29"]
[EventType "swiss"]
[EventRounds "5"]
[EventCountry "ITA"]
[SourceTitle "EXT 2024"]
[Source "ChessBase"]
[SourceDate "2023.10.10"]
[SourceVersion "1"]
[SourceVersionDate "2023.10.10"]
[SourceQuality "1"]

1. Nf3 Nf6 2. d4 g6 3. Nc3 Bg7 4. e4 d6 5. Be3 0-0 6. Qd2 Ng4 7. Bg5 h6 8. Bh4 Nd7 9. 0-0-0 c5 10. h3 cxd4 11. Nxd4 Ngf6 12. Kb1 a6 13. f4 b5 14. Nc6 Qe8 15. e5 dxe5 16. fxe5 g5 17. Bf2 b4 18. Nd5 Nxd5 19. Qxd5 Nxe5 20. Nxe5 Be6 21. Qe4 Qa4 22. b3 Qa5 23. Nc6 Qc7 24. Bd4 Rac8 25. Bxg7 Kxg7 26. Qe5+ Qxe5 27. Nxe5 Rc5 28. Nc4 a5 29. Bd3 a4 30. Rhe1 axb3 31. cxb3 Ra8 32. Re5 Rc7 33. Kb2 Rca7 34. Bb1 Rc7 35. Rc1 Rac8 36. Bd3 Kf6 37. Rf1+ Kg7 38. Rc1 Kf6 39. Rb5 Rd8 40. Rf1+ Kg7 41. Be2 f6 42. Rxb4 Bxc4 43. Bxc4 Rd2+ 44. Kc3 Rxa2 45. g4 Rh2 46. Rf3 e5 47. Kd3 Rd7+ 48. Ke3 Rhd2 49. Rb6 R7d6 50. Rb7+ Rd7 51. Rb8 Rd8 52. Rxd8 Rxd8 53. Ke2 Rd4 54. Rd3 Re4+ 55. Kf3 Rf4+ 56. Kg3 Kf8 57. Rd7 Ke8 58. Rh7 Kd8 59. Ra7 Kc8 60. Be6+ Kb8 61. Rh7 Ka8 62. Bf5 Rb4 63. Be6 Rf4 64. Rxh6 Ka7 65. Bf5 Rb4 66. Rxf6 Rxb3+ 67. Kg2 Rb2+ 68. Kf3 Rb3+ 69. Ke4 Rxh3 70. Kxe5 Re3+ 71. Kd6 Kb6 72. Re6 Ra3 73. Ke7+ Kc5 74. Kf6 Ra7 75. Kxg5 1-0

[Event "Chioggia op-B 11th"]
[Site "Chioggia"]
[Date "2016.10.09"]
[Round "4"]
[White "Desideri, Alessandro"]
[Black "Trotta, Riccardo"]
[Result "0-1"]
[WhiteElo "1866"]
[BlackElo "1753"]
[PlyCount "112"]
[EventDate "2016.10.07"]
[EventType "swiss"]
[EventRounds "5"]
[EventCountry "ITA"]
[SourceTitle "EXT 2022"]
[Source "ChessBase"]
[SourceDate "2021.10.06"]
[SourceVersion "1"]
[SourceVersionDate "2021.10.06"]
[SourceQuality "1"]

1. f4 Nf6 2. Nf3 c5 3. e3 Nc6 4. d4 d5 5. Bd3 c4 6. Be2 Bf5 7. 0-0 b5 8. Ne5 Qc8 9. g4 Nxe5 10. dxe5 Nxg4 11. Qxd5 a6 12. Bf3 Ra7 13. a4 b4 14. Rd1 Rc7 15. Qd2 e6 16. Qe2 Nh6 17. e4 Bc5+ 18. Be3 Bxe3+ 19. Qxe3 Bg4 20. c3 Bxf3 21. Qxf3 a5 22. Nd2 Rd7 23. Nf1 0-0 24. Rd6 Rxd6 25. exd6 Qc5+ 26. Ne3 Ng4 27. Qxg4 Qxe3+ 28. Kf1 Qd3+ 29. Qe2 Qxd6 30. e5 Qd5 31. Ke1 Rd8 32. Kf2 Qd2 33. Qxd2 Rxd2+ 34. Ke3 Rxb2 35. cxb4 Rxb4 36. Kd4 c3+ 37. Kxc3 Rxf4 38. Rd1 g5 39. Rd4 Rf2 40. Rg4 h6 41. Kc4 Rb2 42. Kc3 Rxh2 43. Kc4 Rb2 44. Kc5 Kg7 45. Kd6 Kg6 46. Rc4 Rd2+ 47. Ke7 Rd5 48. Re4 h5 49. Re1 Rd4 50. Kf8 Rxa4 51. Rd1 Re4 52. Rf1 Rxe5 53. Kg8 f5 54. Rc1 f4 55. Rc2 g4 56. Rg2 Kf5 0-1

[Event "Chioggia op-B 11th"]
[Site "Chioggia"]
[Date "2016.10.09"]
[Round "5"]
[White "Haidacher, Gerold"]
[Black "Desideri, Alessandro"]
[Result "1/2-1/2"]
[WhiteElo "1748"]
[BlackElo "1866"]
[PlyCount "31"]
[EventDate "2016.10.07"]
[EventType "swiss"]
[EventRounds "5"]
[EventCountry "ITA"]
[SourceTitle "EXT 2022"]
[Source "ChessBase"]
[SourceDate "2021.10.06"]
[SourceVersion "1"]
[SourceVersionDate "2021.10.06"]
[SourceQuality "1"]

1. d4 f5 2. g3 Nf6 3. Bg2 e6 4. c4 d5 5. Nh3 Bd6 6. 0-0 c6 7. cxd5 exd5 8. Bg5 0-0 9. Nd2 h6 10. Bf4 Be7 11. Nf3 Nbd7 12. Ne5 Nxe5 13. Bxe5 Ng4 14. Nf4 Nxe5 15. dxe5 Qe8 16. Rc1 1/2-1/2

[Event "Chioggia op-B 10th"]
[Site "Chioggia"]
[Date "2015.10.10"]
[Round "2"]
[White "Marchetti, Daniele"]
[Black "Desideri, Alessandro"]
[Result "0-1"]
[WhiteElo "1642"]
[BlackElo "1895"]
[PlyCount "66"]
[EventDate "2015.10.09"]
[EventType "swiss"]
[EventRounds "5"]
[EventCountry "ITA"]
[SourceTitle "EXT 2022"]
[Source "ChessBase"]
[SourceDate "2021.10.06"]
[SourceVersion "1"]
[SourceVersionDate "2021.10.06"]
[SourceQuality "1"]

1. d4 f5 2. g3 e6 3. Bg2 Nf6 4. Nf3 d5 5. 0-0 Bd6 6. e3 0-0 7. Nbd2 c6 8. c4 b6 9. a3 a5 10. Qc2 Ba6 11. Re1 Ne4 12. Rb1 Qe7 13. Bf1 Bb7 14. Bg2 Nd7 15. Nb3 g5 16. Nfd2 a4 17. Na1 g4 18. cxd5 exd5 19. Qd1 h5 20. f4 Ndf6 21. Qc2 Kg7 22. Nxe4 Nxe4 23. Bxe4 fxe4 24. Qc3 Kf6 25. Nc2 h4 26. Kg2 hxg3 27. hxg3 Rh8 28. Bd2 Rh3 29. Rh1 Rah8 30. Nb4 Qh7 31. Qc1 Rh2+ 32. Rxh2 Qxh2+ 33. Kf1 Qh1+ 0-1

[Event "Padova op-A 17th"]
[Site "Padova"]
[Date "2014.12.21"]
[Round "9.22"]
[White "Desideri, Alessandro"]
[Black "Santeramo, Alessia Carmen"]
[Result "1/2-1/2"]
[WhiteElo "1834"]
[BlackElo "2203"]
[PlyCount "117"]
[EventDate "2014.12.14"]
[EventType "swiss"]
[EventRounds "9"]
[EventCountry "ITA"]
[SourceTitle "EXT 2024"]
[Source "ChessBase"]
[SourceDate "2023.10.10"]
[SourceVersion "1"]
[SourceVersionDate "2023.10.10"]
[SourceQuality "1"]

1. e4 c5 2. Nf3 e6 3. d3 Nc6 4. g3 d6 5. Bg2 g6 6. 0-0 Bg7 7. c3 e5 8. a3 Nge7 9. b4 a6 10. Be3 b6 11. h4 Bg4 12. Qd2 Qd7 13. Kh2 0-0 14. Ng5 h6 15. Nh3 Kh7 16. f3 Be6 17. Qe2 f5 18. Bc1 Na7 19. Bb2 Rae8 20. Nd2 b5 21. f4 Nac8 22. h5 Bf7 23. hxg6+ Bxg6 24. Nf3 Nc6 25. Nh4 N8e7 26. Nxg6 Nxg6 27. exf5 Rxf5 28. Rae1 Nce7 29. Be4 Rf6 30. Qh5 Kg8 31. fxe5 Nxe5 32. Bd5+ Nxd5 33. c4 Nc7 34. Bxe5 Rxe5 35. Rxe5 dxe5 36. Rxf6 Bxf6 37. Qxh6 Qg7 38. Qe3 cxb4 39. axb4 bxc4 40. dxc4 Qg4 41. Qb6 Qg7 42. Qc6 Bd8 43. Kg2 Qf6 44. Qd7 Ne6 45. Nf2 Nd4 46. Qd5+ Kg7 47. Ng4 Qc6 48. Nxe5 Qxd5+ 49. cxd5 Nc2 50. Nc6 Bc7 51. Kf3 Bd6 52. Nd8 Bxb4 53. Ke4 Kf6 54. Kd3 Na3 55. g4 a5 56. Nc6 Be1 57. g5+ Kxg5 58. d6 Kf5 59. d7 1/2-1/2

[Event "Padova op-A 17th"]
[Site "Padova"]
[Date "2014.12.20"]
[Round "8.27"]
[White "Redo, Giorgio"]
[Black "Desideri, Alessandro"]
[Result "0-1"]
[WhiteElo "2084"]
[BlackElo "1834"]
[PlyCount "30"]
[EventDate "2014.12.14"]
[EventType "swiss"]
[EventRounds "9"]
[EventCountry "ITA"]
[SourceTitle "EXT 2024"]
[Source "ChessBase"]
[SourceDate "2023.10.10"]
[SourceVersion "1"]
[SourceVersionDate "2023.10.10"]
[SourceQuality "1"]

1. f4 d5 2. Nf3 g6 3. e3 Bg7 4. d4 Nf6 5. c4 0-0 6. Nc3 c5 7. cxd5 Nxd5 8. Qb3 Nxc3 9. bxc3 Qc7 10. Bc4 Nc6 11. Ng5 e6 12. Qd1 cxd4 13. Ba3 Rd8 14. Qe2 Na5 15. exd4 Qxc4 0-1

[Event "Padova op-A 17th"]
[Site "Padova"]
[Date "2014.12.16"]
[Round "3.28"]
[White "Desideri, Alessandro"]
[Black "Sorbera, Giovanni"]
[Result "0-1"]
[WhiteElo "1834"]
[BlackElo "2166"]
[PlyCount "156"]
[EventDate "2014.12.14"]
[EventType "swiss"]
[EventRounds "9"]
[EventCountry "ITA"]
[SourceTitle "EXT 2024"]
[Source "ChessBase"]
[SourceDate "2023.10.10"]
[SourceVersion "1"]
[SourceVersionDate "2023.10.10"]
[SourceQuality "1"]

1. e4 c5 2. Nf3 Nc6 3. d3 Nf6 4. g3 d5 5. Nbd2 dxe4 6. dxe4 Qa5 7. c3 Bg4 8. Qe2 e5 9. Bg2 Be7 10. 0-0 0-0 11. Nc4 Qc7 12. Ne3 Be6 13. Ng5 Bd7 14. Nd5 Qc8 15. f4 Bd8 16. f5 Na5 17. b3 Nxd5 18. exd5 Bxg5 19. Bxg5 f6 20. Be3 b6 21. c4 Nb7 22. g4 Nd6 23. Be4 Kf7 24. h4 a5 25. a4 Ke7 26. Rf2 Kd8 27. Raf1 Kc7 28. Rg2 Qe8 29. Kf2 h5 30. Ke1 hxg4 31. Rxg4 Qh5 32. Qg2 g6 33. Bf3 gxf5 34. Rg7 Qxh4+ 35. Kd1 e4 36. Rh1 exf3 37. Rxd7+ Kxd7 38. Qg7+ Rf7 39. Qxf7+ Nxf7 40. Rxh4 Ng5 41. Rf4 Re8 42. Bc1 Rh8 43. Rxf5 Rh1+ 44. Kc2 Rh2+ 45. Kd3 f2 46. Be3 Rh3 47. Rxf2 Nf3 48. Ke4 Ne5 49. Bf4 Ng6 50. Be3 Ke7 51. d6+ Ke6 52. d7 Rh8 53. Rd2 f5+ 54. Kf3 Ne5+ 55. Kg3 Nxd7 56. Bf4 Rh1 57. Rd6+ Ke7 58. Rd5 Rb1 59. Rd3 Re1 60. Bd6+ Ke6 61. Bc7 Rg1+ 62. Kf2 Rg4 63. Rd6+ Ke7 64. Rh6 Rd4 65. Bxb6 Rd3 66. Bxa5 Nf6 67. Bd8+ Rxd8 68. Rg6 Rb8 69. Rg7+ Ke6 70. Rc7 Rxb3 71. Rc6+ Ke7 72. Ke2 Ne4 73. a5 Ra3 74. a6 Kd7 75. Rh6 Nd6 76. a7 Kc6 77. Rh7 Nxc4 78. Rh4 Nd6 0-1

[Event "Padova op-A 17th"]
[Site "Padova"]
[Date "2014.12.15"]
[Round "2.33"]
[White "Lantini, Marco"]
[Black "Desideri, Alessandro"]
[Result "1/2-1/2"]
[WhiteElo "2057"]
[BlackElo "1834"]
[PlyCount "74"]
[EventDate "2014.12.14"]
[EventType "swiss"]
[EventRounds "9"]
[EventCountry "ITA"]
[SourceTitle "EXT 2024"]
[Source "ChessBase"]
[SourceDate "2023.10.10"]
[SourceVersion "1"]
[SourceVersionDate "2023.10.10"]
[SourceQuality "1"]

1. d4 f5 2. g3 Nf6 3. Bg2 e6 4. c4 d5 5. Nh3 Bd6 6. 0-0 0-0 7. Qc2 c6 8. Bf4 Be7 9. Nd2 Na6 10. c5 h6 11. Be5 Ng4 12. Nf3 g5 13. a3 Nc7 14. b4 Ne8 15. Ne1 Nef6 16. Bxf6 Bxf6 17. Qd2 Bg7 18. f3 Nf6 19. Nf2 Nd7 20. e4 b6 21. exd5 exd5 22. Nc2 Ba6 23. Rfe1 bxc5 24. bxc5 Nxc5 25. dxc5 Bxa1 26. Rxa1 Re8 27. Qd4 Re2 28. Nb4 Bc4 29. Bf1 Qe8 30. Bxe2 Qxe2 31. Qd1 Qe3 32. Nxc6 Qxc5 33. Ne5 Ba6 34. Nd7 Qd6 35. Nf6+ Qxf6 36. Qxd5+ Kg7 37. Rc1 Re8 1/2-1/2

[Event "Chioggia op-A 07th"]
[Site "Chioggia"]
[Date "2012.10.12"]
[Round "1"]
[White "Desideri, Alessandro"]
[Black "Negro, Roberto"]
[Result "0-1"]
[WhiteElo "1800"]
[BlackElo "2106"]
[PlyCount "60"]
[EventDate "2012.10.12"]
[EventType "swiss"]
[EventRounds "5"]
[EventCountry "ITA"]
[SourceTitle "EXT 2014"]
[Source "ChessBase"]
[SourceDate "2013.11.20"]
[SourceVersion "1"]
[SourceVersionDate "2013.11.20"]
[SourceQuality "1"]

1. e4 g6 2. d3 Bg7 3. g3 c5 4. Nd2 Nc6 5. Ngf3 e6 6. Bg2 Nge7 7. 0-0 0-0 8. Re1 d6 9. Nf1 Rb8 10. c3 Qa5 11. Ne3 b5 12. d4 cxd4 13. cxd4 Nxd4 14. Nxd4 Bxd4 15. b4 Qb6 16. Rb1 e5 17. Rf1 Be6 18. Nd5 Nxd5 19. exd5 Bf5 20. Rb3 Rfc8 21. Qf3 Bc2 22. Ra3 f5 23. Qe2 Rc4 24. g4 fxg4 25. Rg3 Bf5 26. Kh1 Rc2 27. Qe1 Bxf2 28. Rxf2 Qxf2 29. Qxf2 Rxf2 30. Be3 Rxa2 0-1

[Event "Noale Szabados Memorial-B 5th"]
[Site "Noale"]
[Date "2012.02.04"]
[Round "3"]
[White "Lorusso, Giuseppe"]
[Black "Desideri, Alessandro"]
[Result "1/2-1/2"]
[WhiteElo "1981"]
[BlackElo "1857"]
[PlyCount "52"]
[EventDate "2012.02.03"]
[EventType "swiss"]
[EventRounds "5"]
[EventCountry "ITA"]
[SourceTitle "EXT 2022"]
[Source "ChessBase"]
[SourceDate "2021.10.06"]
[SourceVersion "1"]
[SourceVersionDate "2021.10.06"]
[SourceQuality "1"]

1. d4 f5 2. g3 Nf6 3. Bg2 e6 4. Nf3 d5 5. 0-0 Bd6 6. c4 c6 7. b3 Qe7 8. Ne5 b6 9. Bb2 0-0 10. Qc1 Bb7 11. Nd2 Rc8 12. Nd3 Nbd7 13. Nf3 Ne4 14. Nfe5 c5 15. e3 cxd4 16. exd4 dxc4 17. bxc4 Bd5 18. f3 Bxe5 19. Nxe5 Nxe5 20. fxe4 Nd3 21. Ba3 Qd7 22. Qe3 Bxc4 23. exf5 exf5 24. Bxa8 Rxa8 25. Rad1 Re8 26. Rxf5 g6 1/2-1/2

[Event "Mestre Ragazzini Memorial 2nd"]
[Site "Mestre"]
[Date "2011.05.22"]
[Round "5"]
[White "Desideri, Alessandro"]
[Black "Battagin, Mose"]
[Result "1-0"]
[WhiteElo "1500"]
[BlackElo "1913"]
[PlyCount "67"]
[EventDate "2011.05.20"]
[EventType "swiss"]
[EventRounds "5"]
[EventCountry "ITA"]
[SourceTitle "EXT 2022"]
[Source "ChessBase"]
[SourceDate "2021.10.06"]
[SourceVersion "1"]
[SourceVersionDate "2021.10.06"]
[SourceQuality "1"]

1. e4 d6 2. d4 Nf6 3. Nc3 g6 4. f3 c6 5. Be3 b5 6. a3 Nbd7 7. Qd2 Bb7 8. g4 Nb6 9. b3 h5 10. g5 Nfd7 11. Bg2 Bg7 12. Nge2 a6 13. Rd1 Qc7 14. 0-0 0-0 15. f4 c5 16. f5 b4 17. axb4 cxb4 18. Nd5 Nxd5 19. exd5 a5 20. fxg6 fxg6 21. Nf4 Rxf4 22. Bxf4 Ba6 23. Rf2 Rc8 24. Qe3 Nf8 25. Bh3 Re8 26. Qf3 Kh7 27. Bf5 Bc8 28. Qxh5+ Kg8 29. Bxg6 Nxg6 30. Qxg6 Rf8 31. Be5 dxe5 32. Rxf8+ Kxf8 33. Rf1+ Kg8 34. Rf7 1-0

[Event "Mestre Ragazzini Memorial 2nd"]
[Site "Mestre"]
[Date "2011.05.22"]
[Round "4"]
[White "Desideri, Alessandro"]
[Black "Zangrando, Gianpietro"]
[Result "1-0"]
[WhiteElo "1500"]
[BlackElo "1827"]
[PlyCount "71"]
[EventDate "2011.05.20"]
[EventType "swiss"]
[EventRounds "5"]
[EventCountry "ITA"]
[SourceTitle "EXT 2022"]
[Source "ChessBase"]
[SourceDate "2021.10.06"]
[SourceVersion "1"]
[SourceVersionDate "2021.10.06"]
[SourceQuality "1"]

1. e4 e6 2. d4 d5 3. exd5 exd5 4. Bd3 Nc6 5. c3 Bd6 6. Qf3 Be6 7. Bf4 Nf6 8. h3 Qe7 9. Bxd6 Qxd6 10. Ne2 0-0-0 11. Nd2 Rde8 12. 0-0 h5 13. Nf4 Bd7 14. Rfe1 Rxe1+ 15. Rxe1 g5 16. Nxd5 Nxd5 17. Nc4 Qf6 18. Qxd5 g4 19. Ne5 Be6 20. Qe4 Ne7 21. Ba6 Bd5 22. Nxg4 Qxa6 23. Qe5 Rg8 24. Ne3 Be6 25. d5 Ng6 26. Qg5 Bxh3 27. Nf5 Bxf5 28. Qxf5+ Kd8 29. d6 Qxd6 30. Qxh5 Rh8 31. Qg5+ f6 32. Qxg6 Qh2+ 33. Kf1 Qh1+ 34. Ke2 Re8+ 35. Qxe8+ Kxe8 36. Rxh1 1-0